Control adaptativo de una planta de tratamiento de aguas residuales
Guardado en:
| Hovedforfatter: | |
|---|---|
| Format: | Bog |
| Udgivet: |
[San José, Costa Rica]
2010
|
| Fag: | |
| Tags: |
Tilføj Tag
Ingen Tags, Vær først til at tagge denne postø!
|
MARC
| LEADER | 00000nam a2200000Ia 4500 | ||
|---|---|---|---|
| 003 | 010057 | ||
| 005 | 20230427100821.0 | ||
| 008 | 140114s2010 cr a 000 ||s d | ||
| 040 | |c cru CEDI | ||
| 090 | |a TFG 6227 | ||
| 100 | |a Cordero Arguedas, Juan Ignacio, 1994- |9 448 | ||
| 245 | |a Control adaptativo de una planta de tratamiento de aguas residuales | ||
| 260 | |c 2010 |b [San José, Costa Rica] | ||
| 500 | |a Proyecto de graduación (bachillerato en ingeniería)--Universidad de Costa Rica. Facultad de Ingeniería. Escuela de Ingeniería Eléctrica, 2010 "IE - 0502 Proyecto Eléctrico" | ||
| 650 | |x CONTROL AUTOMATICO |x SISTEMAS DE CONTROL ADAPTABLE |x AGUAS RESIDUALES |9 2881 | ||
| 942 | |c TFG |2 ddc | ||
| 999 | |c 15977 |d 15977 | ||
